Articulación entre educación parvularia y básica

محفوظ في:
التفاصيل البيبلوغرافية
المؤلف الرئيسي: Peralta Espinosa, María Victoria (مؤلف)
التنسيق: كتاب
اللغة:الإسبانية
منشور في: Santiago IIEI 2006
Santiago LOM 2006
الطبعة:1a. ed
سلاسل:Cuadernos de Educación Infantil, 1
الموضوعات:
الوسوم: إضافة وسم
لا توجد وسوم, كن أول من يضع وسما على هذه التسجيلة!

MARC

LEADER 00000nam a2200000 a 4500
001 UCJ9420
003 CL-VaPUC
008 070316e20060000cl |||||||||||||||||spa|d
082 0 4 |a 372.21  |b PER  |2 21 
100 0 |a Peralta Espinosa, María Victoria  |e author  |9 519412 
245 1 0 |a Articulación entre educación parvularia y básica 
250 |a 1a. ed 
300 |a 20 p 
942 |c BK 
945 |d 20070316 00:00:00  |a cmena 
260 |a Santiago  |b IIEI  |c 2006 
260 |a Santiago  |b LOM  |c 2006 
650 0 |a Educación preescolar  |9 260381 
650 0 |a Educación básica   |9 224933 
650 0 |a Planificación del currículo  |9 269599 
583 |a last modification  |c 20171017 06:28:53  |k Rodrigo Vera 
490 0 |a Cuadernos de Educación Infantil, 1 
999 |c 324945  |d 324943 
952 |0 0  |1 0  |4 0  |6 372_210000000000000_PER_2006_2006  |7 0  |8 A  |9 405347  |a BIBEDU  |b BIBEDU  |d 2019-11-22  |i 4304217  |o 372.21 PER 2006 2006  |p 4304217  |r 2019-11-22  |w 2019-11-22  |y BK  |k PAR